Movimientos sociales, participación y negociación del conflicto en Costa Rica /

محفوظ في:
التفاصيل البيبلوغرافية
المؤلف الرئيسي: Rojas Bolaños, Manuel
مؤلفون مشاركون: UCR, Universidad de la Paz, Facultad Latinoamericana de Ciencias Sociales, UNITAR
التنسيق: نص
منشور في: San José: UCR
الوسوم: إضافة وسم
لا توجد وسوم, كن أول من يضع وسما على هذه التسجيلة!

MARC

LEADER 00000 a a2200000 04500
001 24191
003
040
090 |a 171500  
100 |a Rojas Bolaños, Manuel  
110 |a UCR  
245 |a Movimientos sociales, participación y negociación del conflicto en Costa Rica /  |c UCR 
260 |a San José:   |b UCR  
300 |a 20 p  
710 |a Universidad de la Paz  
710 |a Facultad Latinoamericana de Ciencias Sociales  
710 |a UNITAR  
999 |c 8087  |d 8087